Development of rubber smallholdings in India (Record no. 52367)

MARC details
000 -LEADER
fixed length control field 00693nam a2200157Ia 4500
100 ## - MAIN ENTRY--AUTHOR NAME
Personal name Chandy K.M.
245 #0 - TITLE STATEMENT
Title Development of rubber smallholdings in India
260 ## - PUBLICATION, DISTRIBUTION, ETC. (IMPRINT)
Name of publisher In: Progress and development of rubber smallholders: Proceedings of the Second Seminar, 18-23 October 1976, Hat Yai, Thailand. (Eds. Ani bin Arope, J.W. Blencowe, Francis Chan and Lim Poh Loh). Association of Natural Rubber Producing Countries, Kuala Lumpur, Malaysia, pp. 199-210.
Year of publication 1978
650 ## - SUBJECT ADDED ENTRY--TOPICAL TERM
Topical Term Indian rubber industry
650 ## - SUBJECT ADDED ENTRY--TOPICAL TERM
Topical Term Rubber plantation industry
650 ## - SUBJECT ADDED ENTRY--TOPICAL TERM
Topical Term Rubber production
650 ## - SUBJECT ADDED ENTRY--TOPICAL TERM
Topical Term Smallholdings
700 ## - ADDED ENTRY--PERSONAL NAME
Personal name Menon P.M.
942 ## - ADDED ENTRY ELEMENTS (KOHA)
Koha item type Bibliography STAF
Holdings
Withdrawn status Lost status Damaged status Not for loan Home library Current library Date acquired Koha item type
      Bibliography RRII Library RRII Library 09/04/2014 Bibliography STAF